New patterns of democracy in India (Record no. 933)

MARC details
000 -LEADER
fixed length control field 00490cam a2200181ua 4500
008 - FIXED-LENGTH DATA ELEMENTS--GENERAL INFORMATION
fixed length control field 110426n ii |||gr||||Z||||||eng
040 ## - CATALOGING SOURCE
Transcribing agency MAIN
082 ## - DEWEY DECIMAL CLASSIFICATION NUMBER
Classification number 321.80954
245 1# - TITLE STATEMENT
Title New patterns of democracy in India
Statement of responsibility, etc. by Vera Micheles Dean
250 ## - EDITION STATEMENT
Edition statement 1st.
260 ## - PUBLICATION, DISTRIBUTION, ETC.
Place of publication, distribution, etc. Delhi:
Name of publisher, distributor, etc. Motilal banarsidass,961.
300 ## - PHYSICAL DESCRIPTION
Extent 226p.:
Dimensions 5cm.
700 ## - ADDED ENTRY--PERSONAL NAME
Personal name Dean, Vera Micheles.,
Relator term
942 ## - ADDED ENTRY ELEMENTS (KOHA)
Koha item type Books
653 ## - INDEX TERM--UNCONTROLLED
Uncontrolled term Political science
653 ## - INDEX TERM--UNCONTROLLED
Uncontrolled term New patterns of democracy in India
Holdings
Withdrawn status Lost status Damaged status Not for loan Home library Current library Shelving location Date acquired Total Checkouts Full call number Barcode Date last seen Date last checked out Copy number Price effective from Koha item type
        Central Library, Naharkatiya College Central Library, Naharkatiya College General Stacks 19/09/2020 1 321.80954 | DEA 43 15/09/2021 15/09/2021 1 19/09/2020 Books

Naharkatiya College © 2020. All rights reserved.

Powered By